| 000 | 00532nam a2200193 a 4500 | ||
|---|---|---|---|
| 001 | 1772447158789 | ||
| 003 | YourLibrary | ||
| 005 | 20260302160218.0 | ||
| 008 | 260302s2004##################000#0#eng## | ||
| 020 | _a9780199274208 | ||
| 082 | 0 | 4 |
_a327.174 _bSTO |
| 100 | 1 |
_aInstitute, Stockholm International Peace Research, _eauthor. |
|
| 245 | 1 | 0 | _aSIPRI Yearbook 2004 : |
| 260 |
_bSIPRI Yearbook, _c2004. |
||
| 300 | _a800 pages | ||
| 650 | 0 | _aPolitical Science. | |
| 942 | _cENGLISH | ||
| 040 |
_aYourLibrary _beng _cYourLibrary |
||
| 999 |
_c616564 _d616564 |
||